00000000nam 2200000zi 4500
0019.944327
003CaOODSP
00520250403102726
006m     o  d f      
007cr mn|||||||||
008241022e20241128onc     obs  f000 0 fre d
020 |a9780660740997
040 |aCaOODSP|bfre|erda|cCaOODSP
043 |an-cn---
045 |ay1y2
0861 |aCS75-0002/2024-7F-PDF
1001 |aGustajtis, Burton, |eauteur.
24510|aEstimations provisoires de la pauvreté au Canada : |bune nouvelle approche de modélisation / |cpar Burton Gustajtis, Amanda Halladay, Christian Olivier Nambeu, Eric Olson et Lily Yin.
264 1|a[Ottawa] : |bStatistique Canada = Statistics Canada, |c28 novembre 2024.
264 4|c©2024
300 |a1 ressource en ligne (11 pages).
336 |atexte|btxt|2rdacontent/fre
337 |ainformatique|bc|2rdamedia/fre
338 |aressource en ligne|bcr|2rdacarrier/fre
4901 |aSérie de documents de recherche - revenu ; |y1707-2867
500 |aPublié aussi en anglais sous le titre : Preliminary poverty estimates in Canada: a new modelling approach.
500 |aL'ISSN de la collection est destiné à la version imprimée.
500 |a« No 75F0002M au catalogue. »
504 |aComprend des références bibliographiques (page 11).
520 |a« Les estimations officielles de la pauvreté au Canada sont déterminées à l'aide de la mesure fondée sur unpanier de consommation (MPC). La MPC désigne la mesure fondée sur les coûts associés aux cinq principalescomposantes du panier, à savoir les aliments, l'habillement, le logement, le transport et les autres nécessités de base. Selon la MPC, une personne ou une famille est considérée comme vivant dans la pauvreté si son revenu disponible ne lui permet pas d'acheter un panier prédéterminé de biens et de services nécessaires au maintien d'un niveau de vie de base modeste, compte tenu de la taille de la famille et du lieu de résidence. Les estimations annuelles de la pauvreté au Canada sont produites à l'aide des données de l'Enquête canadiennesur le revenu (ECR). L'ECR est une enquête transversale par sondage qui permet de recueillir des renseignements au cours des six premiers mois de l'année civile (de janvier à juin). Comme c'est le cas pour bon nombre de programmes statistiques, il y a un compromis entre l'actualité et l'exactitude des estimations publiées. … Le présent article propose une méthode permettant de produire des estimations provisoires de la pauvreté jusqu'à sept mois avant la diffusion officielle des données en utilisant les premiers relevés d'impôt (environ neuf mois après la fin de l'année de référence), tout en veillant à ce que les estimations respectent des limites de revisión raisonnables. À la suite de la diffusion de cet article, Statistique Canada continuera de fournir des estimations provisoires de la pauvreté chaque automne suivant l'année de référence selon la méthodologie décrite dans le présent document. Les estimations officielles de la pauvreté, quant à elles, continueront d'être publiées au printemps de l'année suivant l'année de référence » -- Introduction, page 3.
650 6|aPauvreté|zCanada|xMéthodes statistiques.
650 6|aPauvreté|zCanada|vStatistiques.
655 7|aStatistiques|2rvmgf
7102 |aStatistique Canada, |eorganisme de publication.
77508|tPreliminary poverty estimates in Canada : |w(CaOODSP)9.944326
830#0|aSérie de documents de recherche - revenu (Statistique Canada)|w(CaOODSP)9.501116
85640|qPDF|s390 Ko|uhttps://publications.gc.ca/collections/collection_2024/statcan/75f0002m/75f0002m2024007-fra.pdf
8564 |qHTML|sS.O.|uhttps://www150.statcan.gc.ca/n1/pub/75f0002m/75f0002m2024007-fra.htm
986 |a75F0002M